Statystyki dla Piłka nożna quiz #62 - Kluby w Bundeslidze sezon 2023/24

Kliknij tutaj aby rozwiązać quiz!

Ogólne statystyki

  • Ten quiz został rozwiązany 84 razy
  • Średni wynik to 12 z 18

Statystyki odpowiedzi

Klub% Poprawnych
Bayer Leverkusen
100%
Bayern Monachium
99%
Borussia Dortmund
95%
RB Leipzig
81%
Borussia M`Gladbach
74%
VfL Wolfsburg
71%
FC Union Berlin
67%
VfB Stuttgart
67%
FC Koeln
65%
Werder Brema
64%
TSG Hoffenheim
53%
Eintracht Frankfurt
50%
FSV Mainz
49%
VfL Bochum
49%
Freiburg
46%
FC Augsburg
42%
FC Heidenheim
41%
SV Darmstadt 1898
40%

Rozkład punktacji

Percentyl według liczby udzielonych odpowiedzi

Procent ludzi z każdym wynikiem

Twoja historia wyników

Nie rozwiązałeś tego quizu